Arctic Monkeys Lyrics - The Bakery - Statistics

General Stats
  • This quiz has been taken 45 times
    35 since last reset
  • The average score is 115 of 162
Answer Stats
Lyrics % Correct
bakery
100%
I
100%
the
100%
a
96%
have
96%
in
96%
In
96%
would
96%
you
96%
You
96%
wish
92%
on
88%
seen
88%
And
83%
and
83%
me
83%
probably
83%
smiled
83%
wouldn't
83%
At
75%
it
75%
office
75%
post
75%
friend's
71%
I'd
71%
mutual
71%
settee
71%
Sipping
71%
arcade
67%
gathering
67%
if
67%
lemonade
67%
more
67%
Or
67%
or
67%
sat
67%
to
67%
To
67%
where
67%
down
63%
looking,
63%
take
63%
we're
63%
been?
58%
But
58%
hard
58%
it's
58%
keep
58%
Love,
58%
love,
58%
missed
58%
tatty
58%
did
54%
You're
54%
every
50%
is
50%
maybe
50%
straw
50%
chewing
46%
cup
46%
go
46%
meet
46%
paper
46%
there
46%
one
42%
stalemate
42%
There's
42%
town
42%
Well,
42%
busy
38%
had
38%
slacking,
38%
Too
38%
with
38%
bound
33%
clever
33%
never
33%
not
33%
pitch
33%
surely
33%
tonight
33%
until
33%
wait
33%
canteen?
29%
grind
29%
Just
29%
mind
29%
rounders
29%
Why
29%
alright
25%
lines
25%
Don't
21%
give
21%
worry,
21%
invite
17%
No matching quizzes found
Score Distribution
Percent of People with Each Score
Percentile by Number Answered
Your Score History
You have not taken this quiz since the last reset